[Event "AUTO-MASTER-81"]
[Site "http://www.queenalice.com/game.php?id=77045"]
[Date "2006.6.16"]
[Round "2"]
[White "toporagno"]
[Black "Tads21"]
[Result "1-0"]
[WhiteElo "2155"]
[BlackElo "2085"]

1. c4 Nf6 2. Nc3 e5 3. Nf3 Nc6 4. e3 d5 5. cxd5 Nxd5 6. Bb5 Nxc3 7. bxc3 Bd7 8.
d4 e4 9. Nd2 Qg5 10. Bf1 f5 11. Qb3 Nd8 12. h4 Qg6 13. h5 Qg5 14. h6 gxh6 15.
Be2 Qxg2 16. Bh5+ Ke7 17. Ba3+ Kf6 18. O-O-O Qg8 19. c4 Bxa3+ 20. Qxa3 Qf8 21.
Qc3 Nf7 22. f3 exf3 23. Nxf3 Nd6 24. Ne5 Ke7 25. Bf3 Qf6 26. c5 Nf7 27. Nxd7
Kxd7 28. Bxb7 Rag8 29. Rdf1 Rg5 30. e4 c6 31. e5 Qe6 32. Ba6 Nd8 33. Bc4 Qg6 34.
e6+ Ke7 35. Qa5 Qf6 36. Qc7+ Kf8 37. Rxh6 Qe7 38. Qe5 Rhg8 39. Rf6+ Ke8 40. Rf7
1-0

[Event "AUTO-OPEN-177"]
[Site "http://www.queenalice.com/game.php?id=82009"]
[Date "2006.7.3"]
[Round "3"]
[White "Rogerio"]
[Black "toporagno"]
[Result "0-1"]
[WhiteElo "1917"]
[BlackElo "2131"]

1. e4 c5 2. Nf3 e6 3. Nc3 Nc6 4. d4 cxd4 5. Nxd4 Nf6 6. Ndb5 d6 7. Bf4 e5 8. Bg5
a6 9. Bxf6 gxf6 10. Na3 f5 11. Bd3 Rg8 12. g3 Nd4 13. Nc4 f4 14. Be2 b5 15. Na3
b4 0-1

[Event "AUTO-OPEN-177"]
[Site "http://www.queenalice.com/game.php?id=82010"]
[Date "2006.7.3"]
[Round "3"]
[White "toporagno"]
[Black "Rogerio"]
[Result "1-0"]
[WhiteElo "2137"]
[BlackElo "1910"]

1. d4 Nf6 2. c4 e6 3. Nc3 Bb4 4. Qc2 O-O 5. a3 Bxc3+ 6. Qxc3 b6 7. Bg5 Ba6 8.
Qf3 Nc6 9. e3 Bb7 10. Qd1 d6 11. Ne2 h6 12. Bh4 g5 13. Bg3 Ne4 14. f3 Nxg3 15.
hxg3 Kg7 16. g4 f5 17. d5 exd5 18. cxd5 Ne7 19. Qd4+ Rf6 20. Ng3 Kg6 21. Rxh6+
1-0

[Event "AUTO-ELITE-23"]
[Site "http://www.queenalice.com/game.php?id=87757"]
[Date "2006.7.20"]
[Round "2"]
[White "toporagno"]
[Black "losloper"]
[Result "1/2-1/2"]
[WhiteElo "2198"]
[BlackElo "2406"]

1. d4 Nf6 2. c4 e6 3. Nc3 Bb4 4. Qc2 O-O 5. a3 Bxc3+ 6. Qxc3 b6 7. Bg5 Bb7 8. f3
h6 9. Bh4 d5 10. e3 Nbd7 11. cxd5 Nxd5 12. Bxd8 Nxc3 13. Bh4 Nd5 14. Bf2 Ne7 15.
O-O-O Rfd8 16. Bd3 c5 17. Ne2 cxd4 18. Nxd4 Kf8 19. Kb1 Nd5 20. Rhe1 a6 21. e4
Nf4 22. Bf1 Rac8 23. Be3 Ng6 24. Rc1 Ke7 25. Rxc8 Rxc8 26. Rc1 Kd6 27. Rxc8 Bxc8
28. b4 Bb7 29. Kc2 Ne7 30. Be2 f5 31. exf5 e5 32. Nb3 Nxf5 33. Bf2 b5 34. Bd3
1/2-1/2

[Event "AUTO-ELITE-23"]
[Site "http://www.queenalice.com/game.php?id=87758"]
[Date "2006.7.20"]
[Round "2"]
[White "losloper"]
[Black "toporagno"]
[Result "1/2-1/2"]
[WhiteElo "2408"]
[BlackElo "2192"]

1. e4 c5 2. Nf3 e6 3. d4 cxd4 4. Nxd4 Nf6 5. Nc3 Nc6 6. Ndb5 d6 7. Bf4 e5 8. Bg5
a6 9. Na3 b5 10. Bxf6 gxf6 11. Nd5 f5 12. Bd3 Be6 13. Qh5 Rg8 14. g3 Nd4 15. c3
fxe4 16. Bxe4 Bg4 17. Qxh7 Rg7 18. Qh6 Nf3+ 19. Ke2 Ng5+ 20. f3 Nxe4 21. fxg4
Qc8 22. Qe3 Qxg4+ 23. Qf3 Qxf3+ 24. Kxf3 f5 25. Nc2 Kf7 26. Nce3 Nf6 27. a4 Nxd5
28. Nxd5 Ke6 29. Rhd1 Raa7 30. Ra3 Rh7 31. h4 Bh6 32. Kf2 Rhb7 33. b4 e4 34.
axb5 axb5 35. Ra5 Rxa5 1/2-1/2

[Event "AUTO-ELITE-23"]
[Site "http://www.queenalice.com/game.php?id=87759"]
[Date "2006.7.20"]
[Round "2"]
[White "toporagno"]
[Black "Alsina"]
[Result "1/2-1/2"]
[WhiteElo "2182"]
[BlackElo "2359"]

1. d4 Nf6 2. c4 e6 3. Nc3 d5 4. cxd5 exd5 5. Bg5 c6 6. Qc2 Be7 7. e3 Nbd7 8. Bd3
Nf8 9. Nge2 g6 10. O-O Ne6 11. Bh4 O-O 12. f3 b6 13. Rad1 Nh5 14. Bf2 Bd6 15. e4
Bb7 16. Be3 Qh4 17. e5 Bc7 18. f4 f5 19. Rf3 Rae8 20. Rh3 Qe7 21. Rf1 Qf7 22. b4
a6 23. a4 Bd8 24. Qb3 Qd7 25. Rc1 Rf7 26. Rd1 Be7 27. Rb1 Bf8 28. a5 bxa5 29.
bxa5 c5 30. Rxh5 gxh5 31. Qc2 Qc8 32. Bxf5 Rxf5 33. Qxf5 cxd4 34. Nxd4 Qxc3 35.
Nxe6 Qxe3+ 36. Kf1 Bc8 37. Qg5+ Kh8 38. Qf6+ Kg8 39. Qg5+ 1/2-1/2

[Event "AUTO-ELITE-23"]
[Site "http://www.queenalice.com/game.php?id=87760"]
[Date "2006.7.20"]
[Round "2"]
[White "Alsina"]
[Black "toporagno"]
[Result "1/2-1/2"]
[WhiteElo "2347"]
[BlackElo "2149"]

1. d4 d5 2. Nf3 Nf6 3. c4 c6 4. Nc3 a6 5. Ne5 Nbd7 6. Bf4 dxc4 7. Nxc4 b5 8. Ne5
Bb7 9. e3 e6 10. Be2 c5 11. O-O cxd4 12. exd4 Bb4 13. a4 Bxc3 14. bxc3 Nd5 15.
Qd2 O-O 16. axb5 axb5 17. Bxb5 Nxe5 18. Bxe5 f6 19. Bg3 Nxc3 1/2-1/2

[Event "AUTO-ELITE-22"]
[Site "http://www.queenalice.com/game.php?id=93707"]
[Date "2006.8.8"]
[Round "2"]
[White "toporagno"]
[Black "losloper"]
[Result "0-1"]
[WhiteElo "2163"]
[BlackElo "2422"]

1. d4 Nf6 2. c4 e6 3. Nc3 Bb4 4. Qc2 O-O 5. a3 Bxc3+ 6. Qxc3 b6 7. Bg5 Ba6 8.
Qf3 Nc6 9. e3 Re8 10. Bxf6 Qxf6 11. Qxf6 gxf6 12. Be2 Na5 13. Rc1 c5 14. dxc5
bxc5 15. b4 cxb4 16. axb4 Nxc4 17. Rxc4 Bxc4 18. Bxc4 Rac8 19. Be2 Rc1+ 20. Bd1
Ra1 21. Ne2 Rb8 22. O-O Rxb4 23. Bc2 Ra2 24. Rc1 Rbb2 25. Nd4 e5 26. Bb1 exd4
27. Bxa2 Rxa2 28. exd4 Kf8 29. Kf1 a5 30. Rc5 a4 31. Ra5 a3 32. g3 Ke7 33. Kg2
Kd6 34. Kf3 Kc6 35. Ke3 d5 36. h3 Kb6 37. Ra8 Kb5 38. Ra7 Kc4 39. Rc7+ Kb3 0-1

[Event "AUTO-ELITE-22"]
[Site "http://www.queenalice.com/game.php?id=93708"]
[Date "2006.8.8"]
[Round "2"]
[White "losloper"]
[Black "toporagno"]
[Result "1-0"]
[WhiteElo "2414"]
[BlackElo "2198"]

1. e4 c5 2. Nc3 Nc6 3. Bb5 Nd4 4. Bc4 e6 5. Nf3 a6 6. a4 Ne7 7. d3 Nec6 8. O-O
Be7 9. Nxd4 cxd4 10. Ne2 O-O 11. Ng3 b6 12. f4 Bb7 13. Bb3 Rc8 14. Qg4 Kh8 15.
f5 Ne5 16. Qh3 Bg5 17. Bf4 Nc6 18. Qg4 Bxf4 19. Rxf4 Na5 20. Nh5 Rg8 21. fxe6
Nxb3 22. cxb3 fxe6 23. Raf1 Rc5 24. h4 g5 25. Rf7 gxh4 26. Rg7 Rg5 27. Qxg5 Qxg5
28. Rxg5 Rxg5 29. Rf8+ Rg8 30. Rf7 1-0

[Event "AUTO-ELITE-91"]
[Site "http://www.queenalice.com/game.php?id=141502"]
[Date "2006.12.14"]
[Round "1"]
[White "toporagno"]
[Black "dilucia"]
[Result "0-1"]
[WhiteElo "2186"]
[BlackElo "2226"]

1. d4 d5 2. c4 c6 3. Nc3 Nf6 4. e3 e6 5. Nf3 Nbd7 6. Qc2 Bd6 7. g4 dxc4 8. Bxc4
Nxg4 9. Rg1 Nxh2 10. Nxh2 Bxh2 11. Rxg7 Qh4 12. Qe4 Qxe4 13. Nxe4 Kf8 14. Rg2
Bc7 15. Bd2 a5 16. O-O-O Nb6 17. Bd3 Nd5 18. Ng5 h5 0-1

[Event "AUTO-ELITE-91"]
[Site "http://www.queenalice.com/game.php?id=141503"]
[Date "2006.12.14"]
[Round "1"]
[White "dilucia"]
[Black "toporagno"]
[Result "1-0"]
[WhiteElo "2251"]
[BlackElo "2129"]

1. e4 c5 2. Nf3 e6 3. d4 cxd4 4. Nxd4 Nf6 5. Nc3 Nc6 6. Ndb5 d6 7. Bf4 e5 8. Bg5
a6 9. Na3 b5 10. Bxf6 gxf6 11. Nd5 f5 12. Bd3 Be6 13. O-O Bxd5 14. exd5 Ne7 15.
c4 Bg7 16. Rb1 e4 17. Be2 O-O 18. Qd2 bxc4 19. Nxc4 Rc8 20. b4 1-0

[Event "AUTO-ELITE-91"]
[Site "http://www.queenalice.com/game.php?id=141504"]
[Date "2006.12.14"]
[Round "1"]
[White "toporagno"]
[Black "ENDHER"]
[Result "0-1"]
[WhiteElo "2136"]
[BlackElo "2305"]

1. d4 Nf6 2. c4 e6 3. Nc3 Bb4 4. f3 O-O 5. e4 d5 6. e5 Nfd7 7. cxd5 exd5 8. a3
Bxc3+ 9. bxc3 f6 10. exf6 Qxf6 11. Ne2 Nb6 12. Nf4 Qd6 13. g3 Bf5 14. Be2 N8d7
15. a4 Rfe8 16. O-O a5 17. Re1 Nc4 18. Bxc4 dxc4 19. Ba3 Qc6 20. Be7 Nb6 21. Re5
Qd7 22. Qe2 Bd3 0-1

[Event "AUTO-ELITE-91"]
[Site "http://www.queenalice.com/game.php?id=141505"]
[Date "2006.12.14"]
[Round "1"]
[White "ENDHER"]
[Black "toporagno"]
[Result "1-0"]
[WhiteElo "2290"]
[BlackElo "2151"]

1. d4 d5 2. c4 c6 3. cxd5 cxd5 4. Nc3 e5 5. Nf3 e4 6. Ne5 f6 7. Qa4+ Nd7 8. Nxd7
Bxd7 9. Qb3 Bc6 10. Bf4 a5 11. a4 Bb4 12. e3 Ne7 13. h4 Ng6 14. Bg3 Ne7 15. Be2
Nf5 16. Bf4 O-O 17. Bg4 Ne7 18. h5 Bd7 19. Be2 Be6 20. O-O Qd7 21. Rac1 Rac8 22.
Na2 Bd6 23. Bxd6 1-0

[Event "AUTO-ELITE-92"]
[Site "http://www.queenalice.com/game.php?id=142900"]
[Date "2006.12.18"]
[Round "1"]
[White "Lukius"]
[Black "toporagno"]
[Result "1-0"]
[WhiteElo "2382"]
[BlackElo "2169"]

1. e4 c5 2. Nf3 e6 3. d4 cxd4 4. Nxd4 Nf6 5. Nc3 Nc6 6. Ndb5 d6 7. Bf4 e5 8. Bg5
a6 9. Na3 b5 10. Bxf6 gxf6 11. Nd5 f5 12. Bd3 Be6 13. O-O Bxd5 14. exd5 Ne7 15.
Nxb5 1-0

[Event "AUTO-ELITE-92"]
[Site "http://www.queenalice.com/game.php?id=142906"]
[Date "2006.12.18"]
[Round "1"]
[White "toporagno"]
[Black "ENDHER"]
[Result "0-1"]
[WhiteElo "2143"]
[BlackElo "2298"]

1. d4 Nf6 2. c4 e6 3. Nc3 d5 4. cxd5 exd5 5. Bg5 Bb4 6. e3 c6 7. Qc2 Qa5 8. Bxf6
gxf6 9. Nf3 h6 10. Bd3 Bg4 11. Nd2 Nd7 12. a3 Bd6 13. h3 Be6 14. O-O-O Qc7 15.
Kb1 O-O-O 16. Rc1 Kb8 17. g3 Nb6 18. h4 Rhg8 19. Na4 Nxa4 20. Qxa4 Qd7 0-1

[Event "AUTO-ELITE-92"]
[Site "http://www.queenalice.com/game.php?id=142907"]
[Date "2006.12.18"]
[Round "1"]
[White "ENDHER"]
[Black "toporagno"]
[Result "1-0"]
[WhiteElo "2282"]
[BlackElo "2159"]

1. e4 c5 2. Nf3 e6 3. d4 cxd4 4. Nxd4 Nf6 5. Nc3 Nc6 6. Bg5 Bb4 7. Nxc6 bxc6 8.
Qf3 Be7 9. e5 Nd5 10. Ne4 Qa5+ 11. c3 O-O 12. Bxe7 Nxe7 13. Qg3 Nf5 14. Qf4 Ne7
15. b4 Ng6 16. bxa5 Nxf4 17. Nd6 Ng6 18. Rb1 Nxe5 19. f4 Ng4 20. Bd3 f5 21. O-O
1-0